El Futuro de las entidades de financiación : su organización y desarrollo en el nuevo sistema financiero / José López López su organización y desarrollo en el nuevo sistema financiero / José López López
Descripción Física:
172 p. ; 27 cm
MARC
| LEADER | 00000nam a2200000Ia 4500 | ||
|---|---|---|---|
| 001 | 14157 | ||
| 008 | 160829s9999 xx 000 0 cat d | ||
| 080 | |a M-4-136 | ||
| 100 | |a López López, José |9 25019 | ||
| 245 | |a El Futuro de las entidades de financiación : |b su organización y desarrollo en el nuevo sistema financiero / José López López | ||
| 260 | |a Madrid : |b Cirde, DL 1980 | ||
| 300 | |a 172 p. ; |c 27 cm | ||
| 650 | |a Finances |x Espanya |9 25020 | ||
| 650 | |a Entitats financeres |x Espanya |9 25021 | ||
| 901 | |a Arxiu | ||
| 942 | |n 1 | ||
| 952 | |0 0 |1 0 |4 0 |6 M4136 |7 1 |9 43415 |a Arxiu |b Arxiu |d 2016-12-01 |l 0 |o M-4-136 |p 14157 |r 2016-12-01 00:00:00 |w 2016-12-01 |y ARXIU | ||
| 999 | |c 45961 |d 45961 | ||